000 00941 a2200229 4500
003 UA-OsUOA
005 20260429122730.0
008 260429b un ||||| |||| 00| 0 ukr d
040 _aUA-OsUOA
_bukr
_cUA-OsUOA
_dUA-OsUOA
041 _aukr
080 _a82-34
090 _a82-34
_bБ12
100 _aБандурак В.
_925122
245 _aКозацька дитина
_bОповідання з козацької бувальщини
_cВолодимир Бандурак
260 _bВидання Українського Народного Союзу
_c1955
_aДжерзі Ситі ;
_aНю Йорк
300 _a31 с.
490 _aБібліотека "Веселки"
_vвипуск ч. 1
650 _2UDc
_a82 Література. Літературознавство
_915
942 _cBR
_2udc
955 _a3
999 _c580612
_d580612